Statistics for Colors of the Nicaraguan Flag

Click here to take the quiz!

General Stats

  • This quiz has been taken 35 times
    (28 since last reset)
  • The average score is 6 of 8

Answer Stats

Answer% Correct
Blue
96%
Red
92%
White
92%
Green
84%
Yellow
84%
Purple
72%
Orange
64%
Indigo
24%

Score Distribution

Percentile by Number Answered

Percent of People with Each Score

Your Score History

You have not taken this quiz since the last reset